000 00925nas a2200301 4500
001 BR8006322
003 BR-BrBNA
005 20231205084416.0
007 ta
008 230509b bl.|||p| |||| 00| 00por d
040 _aBR-BrBNA
_bpor
_cBiblioteca Nacional de Agricultura
041 _a(Pt)
072 _aL30; L32
100 1 _aMelotti, L.
100 1 _aVelloso, L.
245 1 _aValor nutritivo da silagem de capim-elefante napier (Pennisetum purpureum Schum.)enriquecido com melaco e ensilado em silo plastico a vacuo
650 _aCAPIM ELEFANTE NAPIER
650 _aVALOR NUTRITIVO
650 _aSILAGEM
650 _aENSILAGEM
650 _aSILO DE PLASTICO
650 _aPLANTA FORRAGEIRA
650 _aADITIVO
650 _aMELACO
773 0 _tZootecnia (Brazil)
_xISSN 0044-5320
_g(Apr-Jun 1980), v. 18(2) p. 73-84
_wBR8006322
909 _a202311
_bLúcia
_c55
_dLúcia Elande
942 _2AGRIS
_n0
_cANA
999 _c105036
_d105036